| 000 | 00797cam a22002175i 4500 | ||
|---|---|---|---|
| 001 | 17884882 | ||
| 005 | 20140430113047.0 | ||
| 008 | 140430t2013 xxka frb 000 0 eng d | ||
| 020 | _a9781447153757 | ||
| 082 | 0 | 0 |
_222 _a690.0286 _bREU |
| 245 | 0 | 0 |
_aReuse of materials and byproducts in construction : _bwaste minimization and recycling / _ceditor Alan Richardson. |
| 260 |
_aLondon : _bSpringer, _cc.2013 _f(Acid-Free Paper) |
||
| 300 |
_axiii, 149 p. : _bill. (col.) ; _c24 cm. |
||
| 490 | 0 | _aGreen energy and technology | |
| 504 | _aIncludes bibliographical references. | ||
| 650 | 0 |
_935952 _aConstruction and demolition debris _xRecycling |
|
| 653 |
_bENGARC _bENGMEC _cApril2014 |
||
| 655 |
_vreading book _934232 |
||
| 700 | 1 |
_935953 _aRichardson, Alan _eeditor. |
|
| 942 |
_2ddc _k690.0286 REU |
||
| 999 |
_c18245 _d18217 |
||